Pokemon starting with the letter D - Statistics

General Stats
  • This quiz has been taken 28 times
  • The average score is 40 of 61
Answer Stats
Gen Answer % Correct
1 Diglett
87%
1 Dragonair
87%
1 Dragonite
87%
7 Drampa
87%
1 Dratini
87%
5 Drilbur
87%
9 Dudunsparce
87%
1 Dugtrio
87%
2 Dunsparce
87%
5 Darmanitan
80%
7 Dartrix
80%
5 Darumaka
80%
4 Dialga
80%
1 Ditto
80%
2 Donphan
80%
4 Darkrai
73%
6 Dedenne
73%
7 Dewpider
73%
1 Dodrio
73%
1 Doduo
73%
1 Drowzee
73%
5 Dwebble
73%
5 Deino
67%
5 Dewott
67%
6 Diancie
67%
9 Dipplin
67%
9 Dondozo
67%
6 Dragalge
67%
8 Drakloak
67%
4 Drapion
67%
8 Dreepy
67%
5 Druddigon
67%
5 Ducklett
67%
5 Durant
67%
3 Dustox
67%
6 Delphox
60%
1 Dewgong
60%
6 Diggersby
60%
9 Dolliv
60%
6 Doublade
60%
8 Dragapult
60%
4 Drifblim
60%
4 Drifloon
60%
8 Dubwool
60%
5 Duosion
60%
8 Duraludon
60%
9 Dachsbun
53%
5 Deerling
53%
3 Delcatty
53%
2 Delibird
53%
7 Dhelmise
53%
8 Dottler
53%
8 Dracozolt
53%
4 Dusknoir
53%
7 Decidueye
47%
3 Deoxys
47%
8 Dracovish
47%
8 Drednaw
47%
3 Dusclops
47%
3 Duskull
47%
8 Drizzile
40%
No matching quizzes found
Score Distribution
Percent of People with Each Score
Percentile by Number Answered
Your Score History
You have not taken this quiz